Statistiken für Lateinamerikanische Länder

Klicken Sie hier um das Quiz zu spielen!

Allgemein

  • Dieses Quiz wurde 147 mal gespielt
  • Das Durchschnittsergebnis liegt bei 17 aus 20

Antwortstatistiken

Lateinamerikanische Länder% Korrekt
Brasilien
95%
Argentinien
91%
Ecuador
90%
Panama
90%
Uruguay
89%
Chile
88%
Paraguay
88%
Kolumbien
86%
Peru
86%
Mexiko
85%
Venezuela
84%
Bolivien
83%
Kuba
83%
El Salvador
81%
Honduras
79%
Costa Rica
77%
Dominikanische Republik
75%
Nicaragua
75%
Guatemala
73%
Haiti
63%

Verteilung der Resultate

Perzentil nach korrekt beantworteten Fragen

Anzahl Personen mit jedem Resultat

Ihre Resultats-Entwicklung

Sie haben dieses Quiz noch nicht gespielt